The Christian's universal companion : Containing I. The whole book of common prayer, and administration of the Sacraments, and other rites and ceremonies of the church, according to the use of the Church of England: together with the Psalter or Psalms of David: illustrated and explained by notes on the most material and intricate passages, selected from the works of the most eminent divines. II. A new week's preparation for the worthy receiving of the Lord's Supper, as recommended and appointed by the Church of England, consisting of prayers and meditations preparatory to, and a companion at the Altar; directing the communicant in his behaviour and devotions at the Lord's Table. Also meditations to enable him to live well after receiving the Holy Sacrament. III. A manual of private devotions, consisting, of directions and prayers for morning and evening; for the use of families and particular persons, with occasional prayers; suited to various occasions. IV. A new version of the Psalms of David, fitted to the tunes used in churches. By N. Brady, D.D. and N. Tate, Esqr. Ornamented with a set of elegant copper-plates.

Bibliographic Details
Corporate Authors: Church of England, Gale (Firm)
Format: eBook
Language:English
Subjects:
Online Access:Connect to the full text of this electronic book

MARC

Tag First Indicator Second Indicator Subfields
LEADER 00000cam a2200000 4500
001 in00003811713
005 20190415185437.0
006 m o d
007 cr |n||||||||n
008 880831s1778 enk|||| o o00||||eng c
035 |a (CU-RivES)T182592 
035 |a (Uk-ES)006277326 
035 |a (OCoLC)509369904 
040 |a Uk-ES  |c Uk-ES  |d CStRLIN  |d Cengage Gale  |d UtOrBLW 
050 4 |a BX5145  |b .C487 1778 
110 2 |a Church of England. 
240 1 0 |a Liturgies.  |p Book of common prayer 
245 1 4 |a The Christian's universal companion :  |b Containing I. The whole book of common prayer, and administration of the Sacraments, and other rites and ceremonies of the church, according to the use of the Church of England: together with the Psalter or Psalms of David: illustrated and explained by notes on the most material and intricate passages, selected from the works of the most eminent divines. II. A new week's preparation for the worthy receiving of the Lord's Supper, as recommended and appointed by the Church of England, consisting of prayers and meditations preparatory to, and a companion at the Altar; directing the communicant in his behaviour and devotions at the Lord's Table. Also meditations to enable him to live well after receiving the Holy Sacrament. III. A manual of private devotions, consisting, of directions and prayers for morning and evening; for the use of families and particular persons, with occasional prayers; suited to various occasions. IV. A new version of the Psalms of David, fitted to the tunes used in churches. By N. Brady, D.D. and N. Tate, Esqr. Ornamented with a set of elegant copper-plates. 
264 3 |a Gainsbrough :  |b Printed by J. Mozley,  |c M,DCC,LXXVIII. [1778] 
300 |a 1 online resource ([Collation not provided])  
336 |a text  |b txt  |2 rdacontent 
337 |a computer  |b c  |2 rdamedia 
338 |a online resource  |b cr  |2 rdacarrier 
500 |a Final leaf = Bb6. 
500 |a With a frontispiece and plates. 
510 4 |a English Short Title Catalog,  |c T182592. 
500 |a Reproduction of original from Bodleian Library (Oxford). 
500 |a Electronic resource. 
630 0 0 |a Bible  |v Prayers  |v Early works to 1800. 
650 0 |a Devotional exercises  |v Early works to 1800. 
655 7 |a Electronic books.  |2 local 
710 2 |a Gale (Firm)  |0 http://id.loc.gov/authorities/names/no2008071348 
752 |a Great Britain  |b England  |d Gainsborough. 
856 4 0 |u http://proxy.library.tamu.edu/login?url=http://find.galegroup.com/ecco/infomark.do?contentSet=ECCOArticles&docType=ECCOArticles&bookId=1605000500&type=getFullCitation&tabID=T001&prodId=ECCO&docLevel=TEXT_GRAPHICS&version=1.0&source=library&userGroupName=txshracd2898  |z Connect to the full text of this electronic book  |t 0 
999 f f |s 78c81652-b200-32b0-b31b-beb89379439d  |i ec24aa19-876a-333a-81bb-27681850229a  |t 0 
952 f f |a Texas A&M University  |b College Station  |c Electronic Resources  |d Available Online  |t 0  |e BX5145 .C487 1778  |h Library of Congress classification 
998 f f |a BX5145 .C487 1778  |t 0  |l Available Online